Предвыборные листовки к выборам в III Государственную Думу

Доступно только в Электронных читальных залах Найти на картеНа карте
RUSMARC
00003990nac2a22002771x 450
001f0c1a564-6a35-4a11-8257-dc4bf2cec791
00520131007121053.0
100##$a20130529l1907 k y0rusy50 ca
1010#$arus
102##$aRU
105##$ay z |||||
2001#$aПредвыборные листовки к выборам в III Государственную Думу
$j[1907]
215##$a4 листа
251##$cДело
300##$aЗаголовок дела на папке: Предвыборные листовки к.-д. партии к выборам в III Государственную думу
300##$aЛист 3: большого формата, разорван пополам, надорван по краям и сгибам
300##$aДокументы напечатаны типографским способом
330##$aIV. Предвыборные листовки, афиши, объявления кадетской партии; списки кандидатов в Государственную Думу и Учредительное собрание
461#0$10011d649a3b-ccdf-484e-a423-ec64c785c8ed
$12001
$aПартия народной свободы (кадеты)
$1251
$cФонд
$1852
$j523
462#0$10018b9e8422-dd9e-4ea7-b938-3dc971685134
$12001
$aПартия народной свободы (кадеты). 1905-1917 гг.
$1251
$cОпись
$1852
$j2
517##$aПредвыборные листовки к.-д. партии к выборам в III Государственную думу
60102$3RU\NLR\AUTH\661232767
$aКонституционно-демократическая партия
60101$3RU\NLR\AUTH\66979698
$aРоссия
$bГосударственная дума
$bСозыв
$c3
801#0$aRU
$bGA_RF
801#1$aRU
$bНПО Опыт
$c20130529
$2rusmarc
801#2$aRU
$bПБ им. Б.Н. Ельцина
$c20131007
$gRCR
$2rusmarc
852##$aГА РФ
$j177
937##$d38030381
$hПБ
035##$aRuPRLIB51000528
Формат отображения